Statistics for Which European Country

Click here to take the quiz!

General Stats

  • This quiz has been taken 35 times
  • The average score is 9 of 14

Answer Stats

QuestionAnswer% Correct
Biggest by Population(That is entirely in Europe)Germany
97%
Last Got IndependenceKosovo
89%
Most UNESCO Heritage SitesItaly
86%
Best GDP per CapitaLuxembourg
86%
Longest CoastlineNorway
80%
Best GDPGermany
77%
Happiest Country(2023 List)Finland
71%
Least ForestedMalta
69%
Won a World Cup FirstItaly
60%
Invented DynamiteSweden
57%
Saddest Country(2023 List)Ukraine
57%
Best Ranked in Basketball(FIBA World List)Spain
37%
Hottest Temperature by YearMalta
31%
Won the First EurovisionSwitzerland
23%

Score Distribution

Percentile by Number Answered

Percent of People with Each Score

Your Score History

You have not taken this quiz